00220nam a2200097Ia 4500100001400000654001300014245004100027260002700068082001500095546001200110 aCox/T.B.  aComputer aOracle : Workgroup Server Handbook bOsborneaBerkleyc1995 a005.13 'O' aENGLISH